Casas / (Record no. 1334)

MARC details
000 -LEADER
campo de control de longitud fija 01006nam a22002417a 4500
008 - DATOS DE LONGITUD FIJA--INFORMACIÓN GENERAL
campo de control de longitud fija 171028s2007 sp||||| |||| 00| 0 spa d
020 ## - NÚMERO INTERNACIONAL ESTÁNDAR DEL LIBRO
Número Internacional Estándar del Libro 9788493535629
082 04 - NÚMERO DE LA CLASIFICACIÓN DECIMAL DEWEY
Número de clasificación 728
Número de ítem S463c
100 1# - ENTRADA PRINCIPAL--NOMBRE DE PERSONA
Nombre de persona Sejima, Kazuyo.
9 (RLIN) 6058
245 10 - MENCIÓN DEL TÍTULO
Título Casas /
Mención de responsabilidad, etc. Kazuyo Sejima y Ryue Nishizawa ; Museo de Arte Contemporáneo de Castilla y León (MUSAC).
250 ## - MENCION DE EDICION
Mención de edición 1a edición.
260 ## - PUBLICACIÓN, DISTRIBUCIÓN, ETC.
Lugar de publicación, distribución, etc. España :
Nombre del editor, distribuidor, etc. MUSAC,
Fecha de publicación, distribución, etc. 2007.
300 ## - DESCRIPCIÓN FÍSICA
Extensión 187 páginas :
Otras características físicas ilustraciones en color.
500 ## - NOTA GENERAL
Nota general Catálogo publicado con motivo a la exhibición "Kazuyo Sejima + Ryue Nishizawa / SANAA, presentada del 20 de enero al 1 de mayo de 2007 en Museo de Arte Contemporáneo de Castilla y León (MUSAC).
653 10 - TÉRMINO DE INDIZACIÓN--NO CONTROLADO
Término no controlado Arquitectura contemporánea
653 10 - TÉRMINO DE INDIZACIÓN--NO CONTROLADO
Término no controlado Arte contemporáneo
653 10 - TÉRMINO DE INDIZACIÓN--NO CONTROLADO
Término no controlado Diseño arquitectónico - Casas
653 10 - TÉRMINO DE INDIZACIÓN--NO CONTROLADO
Término no controlado Arquitectos
653 10 - TÉRMINO DE INDIZACIÓN--NO CONTROLADO
Término no controlado Exhibiciones
653 10 - TÉRMINO DE INDIZACIÓN--NO CONTROLADO
Término no controlado Catálogo de exhibición
700 1# - ENTRADA AGREGADA--NOMBRE PERSONAL
Nombre de persona Nishizama, Ryue.
9 (RLIN) 6059
710 1# - ENTRADA AGREGADA--NOMBRE DE ENTIDAD CORPORATIVA
Nombre de entidad corporativa o nombre de jurisdicción como elemento de entrada Museo de Arte Contemporáneo de Castilla y León (MUSAC).
9 (RLIN) 6022
Holdings
Estatus retirado Estado de pérdida Fuente del sistema de clasificación o colocación Estado de daño No para préstamo Biblioteca de origen Biblioteca actual Ubicación en estantería Fecha de adquisición Total de préstamos Signatura topográfica completa Código de barras Visto por última vez Precio de reemplazo Tipo de ítem Koha
    Clasificación Decimal Dewey     Biblioteca LadoV Biblioteca LadoV   28/10/2017   728 S463c 001322 28/10/2017 28/10/2017 Material 01